00552nam a2200169Ia 450000500170000000800410001708200130005810000120007124500940008326000470017730000170022465000120024165000130025394200060026695200950027299900150036720250210012249.0240331s9999 xx 000 0 und d bKNOa954 aKnox, R 0a Account of the captivity of Robert Knox :b and other englishmen in the island of Ceylon aColombobM.D. Gunasena & Co., Ltd., c1818 axi, 146 p ., aHistory aReligion cL 001040708LaWERCLbWERCLcSSCd2024-03-31l0o 934.9 KNOp40r2024-03-31w2024-03-31yL c3486d3486